000 00945nam a22003017a 4500
003 CHAP
005 20220329140617.0
008 971013s1980 r 00010 d
010 _a54718
011 _a55690
035 _a59842
040 _cCHAP
082 _a338.9
_bW54
100 0 0 _aWillemain, Thomas R.
_9122000
245 _aStatistical methods for planners
260 _aCambridge, Mass. :
_bMit,
_c1980
300 _a304 p.
_b; gráfs.
590 _aBATCH-UPD
_b10
_c20130110
_lUCH01
_h0932
590 _aBATCH-UPD
_b10
_c20130410
_lUCH01
_h0551
590 _aBATCH-UPD
_b10
_c20130914
_lUCH01
_h1324
590 _aCONVERSION
_b10
_c20130109
_lUCH01
_h1330
650 1 4 _aEstadística.
_938241
650 1 4 _aPlaneación.
_988697
901 _aBK
942 _cLIBRO
949 _a338.9 W54
_bBC
_cLIBRO
_d33724000109617
_eLIBRO
_h55981
_i59842
_si
_t594.00
949 _a338.9 W54
_bBC
_cLIBRO
_d33724000109625
_eLIBRO
_fc.2
_h55982
_i59842
_si
_t594.00
999 _c54718
_d54718